Niên giám tổ chức giáo dục đào tạo Việt Nam 2003-2004.

Tallennettuna:
Bibliografiset tiedot
Aineistotyyppi: Kirja
Kieli:Vietnamese
Julkaistu: Hà Nội : Thống kê, 2004.
Aiheet:
Tagit: Lisää tagi
Ei tageja, Lisää ensimmäinen tagi!
Thư viện lưu trữ: Mạng thư viện Đại học Đà Nẵng
LEADER 01065cam a2200325 a 4500
001 000043850
003 1940
005 20060505093010.0
008 010217b2004 vm 000 vie
020 |c 265000 
040 |a LRC  |c LRC  |d LRC 
041 0 |a vie 
082 1 4 |a 370.25  |b Ni-G 
245 0 0 |a Niên giám tổ chức giáo dục đào tạo Việt Nam 2003-2004. 
260 |a Hà Nội :  |b Thống kê,  |c 2004. 
300 |a 1743 tr. :  |b ảnh chân dung màu ;  |c 27 cm. 
630 0 4 |a Giáo dục Việt Nam. 
650 0 4 |a Giáo dục  |z Việt Nam  |v Niên giám. 
OWN |a DUT 
AVA |a UDN50  |b DUT  |c Book  |d 370.25 Ni-G  |e available  |t Error 5001 Not defined in file expand_doc_bib_avail.  |f 3  |g 0  |h N  |i 0  |j SH  |k 1 
999 |a From the UDN01 
AVA |a UDN50  |b DUT  |c Book  |d 370.25 Ni-G  |e available  |t Error 5001 Not defined in file expand_doc_bib_avail.  |f 3  |g 0  |h N  |i 0  |j SH  |k 1 
TYP |a Monograph 
TYP |a Printed language 
980 |a Mạng thư viện Đại học Đà Nẵng